Secondary Research : (Record no. 17307)

MARC details
000 -LEADER
fixed length control field 00866cam a2200253 a 4500
001 - CONTROL NUMBER
control field 2505603
005 - DATE AND TIME OF LATEST TRANSACTION
control field 20130219135223.0
008 - FIXED-LENGTH DATA ELEMENTS--GENERAL INFORMATION
fixed length control field 920914s1993 cauab b 001 0 eng
020 ## - INTERNATIONAL STANDARD BOOK NUMBER
International Standard Book Number 0803950365 (cl.)
020 ## - INTERNATIONAL STANDARD BOOK NUMBER
International Standard Book Number 0803950373 (pb.)
020 ## - INTERNATIONAL STANDARD BOOK NUMBER
International Standard Book Number 9780803950375
082 00 - DEWEY DECIMAL CLASSIFICATION NUMBER
Classification number 300.72
Edition number 22
Item number STE
100 1# - MAIN ENTRY--PERSONAL NAME
Personal name Stewart, David W.
9 (RLIN) 32654
245 10 - TITLE STATEMENT
Title Secondary Research :
Remainder of title Information Sources and Methods /
Statement of responsibility, etc David W. Stewart, Michael A. Kamins.
250 ## - EDITION STATEMENT
Edition statement 2nd ed.
260 ## - PUBLICATION, DISTRIBUTION, ETC. (IMPRINT)
Place of publication, distribution, etc Newbury Park :
Name of publisher, distributor, etc Sage Publications,
Date of publication, distribution, etc c1993.
300 ## - PHYSICAL DESCRIPTION
Extent x, 158 p. :
Other physical details ill., map ;
Dimensions 23 cm.
440 #0 -
-- Applied social research methods series ;
-- v. 4
-- 32655
504 ## - BIBLIOGRAPHY, ETC. NOTE
Bibliography, etc Includes bibliographical references (p. 139-150) and indexes.
650 #0 - SUBJECT ADDED ENTRY--TOPICAL TERM
Topical term or geographic name as entry element Social sciences
General subdivision Research.
9 (RLIN) 32656
653 ## - INDEX TERM--UNCONTROLLED
Resource For college
Arrived date list February2013
700 1# - ADDED ENTRY--PERSONAL NAME
Personal name Kamins, Michael A.
9 (RLIN) 32657
942 ## - ADDED ENTRY ELEMENTS (KOHA)
Source of classification or shelving scheme Dewey Decimal Classification
Item type Book - Borrowing
Holdings
Withdrawn status Item status Source of classification or shelving scheme Damaged status Not for loan Vendor Home library Current library Shelving location Date acquired Source of acquisition Total Checkouts Full call number Barcode Date last seen Date last borrowed Koha item type Total Renewals Materials specified (bound volume or other part)
    Dewey Decimal Classification     Baccah Central Library Central Library First floor 19/02/2013   2 300.72 STE 000028306 15/07/2025 23/04/2013 NB - Book (Non borrowing)    
    Dewey Decimal Classification     Baccah Central Library Central Library First floor 19/02/2013   14 300.72 STE 000028307 15/07/2025 12/02/2018 Book - Borrowing 47  
    Dewey Decimal Classification     Baccah Central Library Central Library First floor 19/02/2013   7 300.72 STE 000028308 15/07/2025 20/06/2016 Book - Borrowing 13  
    Dewey Decimal Classification     Baccah Central Library Central Library First floor 19/02/2013   12 300.72 STE 000028309 15/07/2025 24/04/2017 Book - Borrowing 5  
    Dewey Decimal Classification     Baccah Central Library Central Library First floor 19/02/2013   11 300.72 STE 000028310 15/07/2025 12/12/2017 Book - Borrowing 40  
    Dewey Decimal Classification     Baccah Central Library Central Library First floor 19/02/2013   5 300.72 STE 000028311 15/07/2025 05/05/2019 Book - Borrowing 36  
  Lost Dewey Decimal Classification     Baccah Central Library Central Library First floor 19/02/2013   1 300.72 STE 000028312 23/03/2014 03/03/2014 Book - Borrowing 2 Lost In Inventory_2015-8-23
    Dewey Decimal Classification     Baccah Central Library Central Library First floor 19/02/2013   16 300.72 STE 000028313 15/07/2025 12/02/2019 Book - Borrowing 20  
    Dewey Decimal Classification     Baccah Central Library Central Library First floor 19/02/2013   8 300.72 STE 000028314 15/07/2025 24/04/2017 Book - Borrowing 16  
    Dewey Decimal Classification     Baccah Central Library Central Library First floor 19/02/2013   11 300.72 STE 000028315 15/07/2025 11/02/2018 Book - Borrowing 10